00489 2200181 4500001002100000008004100021035002000062245005300082110002100135250001000156260003100166300003200197020001800229084001400247082001000261650002400271990001200295INLIS000000000015630 ind  a0010-0323000078 aSuper Diktat CAT CPNS 2019-2020cTim Kompas Ilmu aTIM, Kompas Ilmu acet.2 aJakarta :bGrasindo,c2019 axii, 598 hal.: ilus.c26 cm a9786020519906 a153.9 SUP a153.9 aINTELIGENSI MANUSIA a10616 a